000
002900000a22001330004500
003
MACL
040
_a
MACL
090
_c
31487
_d
31485
100
_a
Hoque, Faisal
245
_a
EE̜nterprise
260
_b
Cambridge University
_c
2000
650
_a
Computer science
942
_c
BOOK
_k
004.6/Arc
999
_c
31172
_d
31172